000 05433cam a22018734i 4500
003 PE-LiUPU
005 20250813165857.0
008 150706s2012 pe a r 000 0 spa d
020 _a9786124151057
035 _a(Sirsi) i9786124151057
040 _aPE-LiUPU
_bspa
_cPE-LiUPU
_erda
049 _aPRUA
082 0 4 _a658.8342
_bK59
_221
100 1 _aKlaric, Jürgen,
_eautor.
245 1 0 _aEstamos ciegos /
_cJürgen Klaric.
264 1 _aLima :
_bEditorial Planeta,
_c2012.
300 _a248 páginas :
_bilustraciones ;
_c21centimetros.
336 _atext
_2rdacontent
337 _aunmediated
_2rdamedia
338 _avolume
_2rdacarrier
500 _aPruebas crudas de los fracasos billonarios de los mercadólogos por el gurú del neuromarketing y experto #1 en neuroinnovación -- en cubierta.
505 0 _aYo era el más ciego de todos, ¡pero me cansé de adivinar! -- Pruebas de la ceguera de los mercadólogos -- Pero. ¿´por qué estamos ciegos? -- Jamás habíamos tenido un consumidor más inteligente y complejo que el consumidor de hoy -- Los métodos tradicionales ya no son suficientes para proyectar una empresa e innovar con éxito -- El poder de la biología y el regreso valiosos de las ciencias sociales -- Teoría neurológica y comportamiento biológico para interpretar al consumidor -- -- La diferencia entre investigar al consumidor y descubrir la mente del consumidor -- Cómo llevar el deep insight correctamente la mente del consumidor y poder innovar exitosamente.
526 _aP203
526 _aP200
526 _aSEG65
526 _aSEG64
526 _aSEG63
526 _aSEG62
526 _aSEG61
526 _aSEG60
526 _aSEG59
526 _aSEG58
526 _aSEG57
526 _aSEG56
526 _aSEG55
526 _aSEG54
526 _aSEG53
526 _aSEG52
526 _aSEG51
526 _aSEG50
526 _aSEG49
526 _aSEG48
526 _aSEG47
526 _aSEG46
526 _aSEG24
526 _aSEG23
526 _aSEG22
526 _aSEG21
526 _aSEG20
526 _aSEG19
526 _aSEG18
526 _aSEG17
526 _aSEG16
526 _aSEG14
526 _aSEG13
526 _aSEG12
526 _aSEG11
526 _aSEG10
526 _aSEG09
526 _aSEG06
526 _aSEG05
526 _aSEG04
526 _aSEG03
526 _aSEG02
526 _aSEG68
526 _aSEG66
526 _aSEG45
526 _aSEG25
526 _aSEG01
526 _aP163
526 _aP162
526 _aP161
526 _aP160
526 _aP159
526 _aP158
526 _aP157
526 _aP156
526 _aP155
526 _aP154
526 _aP153
526 _aP152
526 _aP151
526 _aP150
526 _aP149
526 _aP142
526 _aP141
526 _aP140
526 _aP139
526 _aP138
526 _aP137
526 _aP132
526 _aP131
526 _aP130
526 _aP126
526 _aP125
526 _aP124
526 _aP123
526 _aP115
526 _aP122
526 _aP121
526 _aP116
526 _a P114
526 _aP112
526 _aP111
526 _aP104
526 _aP103
526 _aP102
526 _aP101
526 _aP100
526 _aP96
526 _aP95
526 _aP93
526 _aP92
526 _aP91
526 _aP88
526 _aP83
526 _aP82
526 _aP79
526 _aP78
526 _aP75
526 _aP74
526 _aP71
526 _aP69
526 _a P51
526 _aP49
526 _aP48
526 _aP47
526 _aP33
526 _aP31
526 _a P30
526 _aP29
526 _aP27
526 _aP26
526 _aP25
526 _aP24
526 _a P22
526 _aP10
526 _aP09
526 _a P08
526 _aP06
526 _aP05
526 _aP04
526 _aP01
541 _g030-0013374;
541 _g2-4138;
541 _g071-0171917;
650 0 4 _aMarketing
_xAspectos psicológicos.
650 0 4 _aNeurociencias.
_94198
910 _agl
_bjv
_cng
_d20120822
942 _2ddc
_cBOOK
949 _a658.8342 K59
_wDEWEY
_c1
_i65859
_lCCODEBUL1
_mBUL
_p14.00
_r0
_sY
_tBOOK
_u2015-7-6
_xFCE
_PP04
_o.STAFF. Colección General
949 _a658.8342 K59
_wDEWEY
_c2
_i65330
_lCCODEBUL1
_mBUL
_p12.00
_r0
_sY
_tBOOK
_u2015-7-6
_xFCE
_PP04
_o.STAFF. Colección General
949 _a658.8342 K59
_wDEWEY
_c3
_i68911
_lCCODEBUL1
_mBUL
_p14.00
_r0
_sY
_tBOOK
_u2015-7-6
_xFCE
_PP04
_o.STAFF. Colección General
994 _aC0
_bPEPRU
596 _a1
999 _a658.8342 K59
_wDEWEY
_c53899
_i65859
_lLOST
_mBUL
_p14.00
_r1
_sY
_tBOOK
_u2015-7-6
_xFCE
_PP04
_o.STAFF. Colección General
_d53899
999 _a658.8342 K59
_wDEWEY
_c2
_i65330
_d2019-9-6
_e2019-9-1
_f2021-11-8
_g6
_lCCODEBUL1
_mBUL
_n16
_p12.00
_r0
_sY
_tBOOK
_u2015-7-6
_xFCE
_PP04
_0COMPRA
_o.STAFF. Colección General
999 _a658.8342 K59
_wDEWEY
_c3
_i68911
_d2018-10-21
_e2018-10-16
_f2021-11-8
_g6
_lCCODEBUL1
_mBUL
_n10
_p14.00
_q1
_r0
_sY
_tBOOK
_u2015-7-6
_xFCE
_PP04
_0COMPRA
_o.STAFF. Colección General
980 _81
_gALBERTO SANCHEZ Responsable de Automatización